000 02036cam a22004094a 4500
001 6981153
003 ARRUPE
005 20131009164124.0
008 080228s2008 tnu b 000 0 eng
010 _a 2008009353
020 _a9780687497409 (binding: adhesive layflat : acidfree paper)
020 _a068749740X (binding: adhesive layflat : acidfree paper)
024 _a40016202814
035 _a(OCoLC)ocn213384859
035 _a(OCoLC)213384859
035 _a(NNC)6981153
040 _aDLC
_cDLC
_dYDXCP
_dBTCTA
_dBAKER
_dC#P
_dOrLoB-B
043 _an-us---
_ae-uk-en
050 0 0 _aPS228.C5
_bW66 2008
100 1 _aWood, Ralph C.
_92335
245 1 0 _aLiterature and theology /
_cRalph C. Wood.
260 _aNashville :
_bAbingdon Press,
_cc2008.
300 _aix, 110 p. ;
_c22 cm.
490 1 _aHorizons in theology
504 _aIncludes bibliographical references (p. 101-109).
505 0 0 _g1.
_tThe Scandalous Baptism of Harry Ashfield in Flannery O'Connor's "The River" --
_g2.
_tThe Quest for Christian Vocation in Walker Percy's The Moviegoer --
_g3.
_tThe Call to Companionship in J. R. R. Tolkien's The Lord of the Rings --
_g4.
_tThe Witness Made by Martyrdom in T. S. Eliot's Murder in the Cathedral --
_g5.
_tHospitality as the Gift Greater than Tolerance in G. K. Chesterton's The Ball and the Cross --
_g6.
_tDoubt about the Goodness of God in C. S. Lewis's Till We Have Faces --
_g7.
_tChristian Living toward the End of Time in Walter Miller's A Canticle for Leibowitz.
650 0 _aAmerican literature
_y20th century
_xHistory and criticism.
_92336
650 0 _aChristianity and literature
_xHistory
_y20th century.
_92337
650 0 _aEnglish literature
_y20th century
_xHistory and criticism.
_92338
650 0 _aTheology in literature.
_92339
650 0 _aFiction
_xReligious aspects
_xChristianity.
_92340
650 0 _aChristian ethics in literature.
_92341
830 0 _aHorizons in theology.
_92342
900 _bTOC
942 _2lcc
_cMONOGRAPH
948 1 _a20090113
_bc
_cdc21
_dMPS
999 _c118300
_d118300